| 000 | 00660nam a22001817a 4500 | ||
|---|---|---|---|
| 005 | 20150124124937.0 | ||
| 008 | 130911t mx||||| |||| 00| 0 spa d | ||
| 020 | _a9701805003 | ||
| 050 | 0 | 4 |
_aTR646 _bB54 1997 |
| 111 | 2 |
_aBienal de fotografía _c(México : _d1997) |
|
| 245 | 1 | 0 |
_aOctava bienal de fotografía _c / Centro de la Imagen, Instituto Nacional de Bellas Artes |
| 250 | _a1a ed. | ||
| 260 |
_aMéxico : _bCentro de la Imagen, Instituto Nacional de Bellas Artes, _c1997 |
||
| 300 |
_a472 p. : _bil. ; _c17 cm. |
||
| 650 | 7 |
_2Lemb _aFotografía artística _vExposiciones _zMéxico |
|
| 650 | 7 |
_2Lemb _aFotografía _vExposiciones _zMéxico |
|
| 942 |
_2lcc _cLIB |
||
| 999 |
_c40729 _d40729 |
||